MARC details
| 000 -LEADER |
| fixed length control field |
02578cam a2200601 a 4500 |
| 001 - CONTROL NUMBER |
| control field |
22369 |
| 003 - CONTROL NUMBER IDENTIFIER |
| control field |
VRT |
| 005 - DATE AND TIME OF LATEST TRANSACTION |
| control field |
20260326154838.0 |
| 006 - FIXED-LENGTH DATA ELEMENTS--ADDITIONAL MATERIAL CHARACTERISTICS |
| fixed length control field |
r b rn |
| 008 - FIXED-LENGTH DATA ELEMENTS--GENERAL INFORMATION |
| fixed length control field |
160610s2014 xo a b 000 f slo |
| 015 ## - NATIONAL BIBLIOGRAPHY NUMBER |
| National bibliography number |
SNBA2015/06 |
| 020 ## - INTERNATIONAL STANDARD BOOK NUMBER |
| International Standard Book Number |
9788056400265 |
| Qualifying information |
(viaz.) |
| 035 ## - SYSTEM CONTROL NUMBER |
| System control number |
urn:nbn:sk:snk-amkrl5 |
| 035 ## - SYSTEM CONTROL NUMBER |
| System control number |
81807708-0A37-481E-9D6B-2993C7DBE739 |
| 035 ## - SYSTEM CONTROL NUMBER |
| System control number |
urn:nbn:sk:snk-am004jct |
| 035 ## - SYSTEM CONTROL NUMBER |
| System control number |
CEB144FA-4883-4F87-B04F-4EC5227F14F8 |
| 035 ## - SYSTEM CONTROL NUMBER |
| System control number |
urn:nbn:sk:snk-am005cdq |
| 039 #9 - LEVEL OF BIBLIOGRAPHIC CONTROL AND CODING DETAIL [OBSOLETE] |
| Level of rules in bibliographic description |
202511171906 |
| Level of effort used to assign nonsubject heading access points |
csnk01 |
| Level of effort used to assign subject headings |
202104151133 |
| Level of effort used to assign classification |
csnk01 |
| Level of effort used to assign subject headings |
202009171332 |
| Level of effort used to assign classification |
csnkv01 |
| Level of effort used to assign subject headings |
201606101308 |
| Level of effort used to assign classification |
VLOAD |
| 040 ## - CATALOGING SOURCE |
| Original cataloging agency |
SNK |
| Language of cataloging |
slo |
| Transcribing agency |
SNK |
| Description conventions |
AACR2 |
| 041 1# - LANGUAGE CODE |
| Language code of text/sound track or separate title |
slo |
| Language code of original |
ger |
| 044 ## - COUNTRY OF PUBLISHING/PRODUCING ENTITY CODE |
| MARC country code |
xo |
| ISO country code |
SK |
| 072 #7 - SUBJECT CATEGORY CODE |
| Subject category code |
821.112.2-3 |
| Subject category code subdivision |
Nemecká próza, nemecky písaná |
| Source |
konspekt |
| 072 #7 - SUBJECT CATEGORY CODE |
| Subject category code |
821-93 |
| Subject category code subdivision |
Literatúra pre deti a mládež (beletria) |
| Source |
konspekt |
| 080 ## - UNIVERSAL DECIMAL CLASSIFICATION NUMBER |
| Universal Decimal Classification number |
821.112.2(436)-32 |
| Edition identifier |
2001 |
| 080 ## - UNIVERSAL DECIMAL CLASSIFICATION NUMBER |
| Universal Decimal Classification number |
(0:82-322.4) |
| Edition identifier |
2001 |
| 080 ## - UNIVERSAL DECIMAL CLASSIFICATION NUMBER |
| Universal Decimal Classification number |
821-93 |
| Edition identifier |
2001 |
| 100 1# - MAIN ENTRY--PERSONAL NAME |
| Personal name |
Brezina, Thomas, |
| Dates associated with a name |
1963- |
| Relationship |
aut |
| 240 10 - UNIFORM TITLE |
| Uniform title |
Ein Fall für dich und das Tiger-Team: Unsichtbare Ungeheuer |
| Language of a work |
Slovensky |
| 245 10 - TITLE STATEMENT |
| Title |
Prípad pre teba a Tigrí tím |
| Name of part/section of a work |
Po stopách yetiho |
| Statement of responsibility, etc. |
Thomas C. Brezina ; ilustrovala Caroline Kintzel ; [z nemeckého originálu preložila Katarína Šmidtová] |
| 246 30 - VARYING FORM OF TITLE |
| Title proper/short title |
Po stopách yetiho |
| 250 ## - EDITION STATEMENT |
| Edition statement |
1. vyd. |
| 260 ## - PUBLICATION, DISTRIBUTION, ETC. |
| Place of publication, distribution, etc. |
Bratislava |
| Name of publisher, distributor, etc. |
Fragment |
| Date of publication, distribution, etc. |
2014 |
| 300 ## - PHYSICAL DESCRIPTION |
| Extent |
126 s. |
| Other physical details |
ilustr. |
| Dimensions |
19 cm |
| Accompanying material |
1 plast. lupa |
| 490 1# - SERIES STATEMENT |
| Series statement |
Tigrí tím |
| 521 1# - TARGET AUDIENCE NOTE |
| Target audience note |
Pre čitateľov od 9 rokov |
| 655 #7 - INDEX TERM--GENRE/FORM |
| Genre/form data or focus term |
rakúske príbehy |
| Source of term |
SNKPH |
| 655 #7 - INDEX TERM--GENRE/FORM |
| Genre/form data or focus term |
detektívne príbehy |
| Source of term |
SNKPH |
| 655 #7 - INDEX TERM--GENRE/FORM |
| Genre/form data or focus term |
publikácie pre deti |
| Source of term |
SNKPH |
| 655 #7 - INDEX TERM--GENRE/FORM |
| Genre/form data or focus term |
Austrian stories |
| Source of term |
SNKPHeng |
| 655 #7 - INDEX TERM--GENRE/FORM |
| Genre/form data or focus term |
Detective stories |
| Source of term |
SNKPHeng |
| 655 #7 - INDEX TERM--GENRE/FORM |
| Genre/form data or focus term |
Children’s literature |
| Source of term |
SNKPHeng |
| 700 1# - ADDED ENTRY--PERSONAL NAME |
| Personal name |
Kintzel, Caroline, |
| Dates associated with a name |
1979- |
| Relationship |
ill |
| 700 1# - ADDED ENTRY--PERSONAL NAME |
| Personal name |
Šmidtová, Katarína |
| Relationship |
trl |
| 830 #0 - SERIES ADDED ENTRY--UNIFORM TITLE |
| Uniform title |
Tigrí tím |
| 942 ## - ADDED ENTRY ELEMENTS (KOHA) |
| Source of classification or shelving scheme |
Dewey Decimal Classification |
| Koha item type |
Krásna literatúra pre deti |
| Suppress in OPAC |
No |
| 949 ## - LOCAL PROCESSING INFORMATION (OCLC) |
| 6 |
270001000480401 |
| 9 |
1 plastová lupa |
| a |
svkbbA 143932 |
| b |
svkbbm 751273 |
| 949 ## - LOCAL PROCESSING INFORMATION (OCLC) |
| 6 |
17A1138093 |
| a |
snkSD 83942 |
| b |
snk2015/5502 |
| o |
394/15 |
| s |
6100:20140925 |
| 949 ## - LOCAL PROCESSING INFORMATION (OCLC) |
| 6 |
17A1138091 |
| a |
snkSD 83942 D1 |
| b |
snk2015/5503 |
| o |
394/15 |
| 949 ## - LOCAL PROCESSING INFORMATION (OCLC) |
| 6 |
17A1138094 |
| a |
snkSD 83942/príl. |
| b |
snk2015/5502 |
| o |
394/15 |
| p |
príloha plast. lupa |
| q |
príloha plast. lupa |
| r |
príloha plast. lupa |
| s |
6100:20140925 |
| 949 ## - LOCAL PROCESSING INFORMATION (OCLC) |
| 6 |
17A1138092 |
| a |
snkSD 83942/príl. D1 |
| b |
snk2015/5503 |
| o |
394/15 |
| p |
príloha plast. lupa |
| q |
príloha plast. lupa |
| r |
príloha plast. lupa |
| 949 ## - LOCAL PROCESSING INFORMATION (OCLC) |
| 6 |
2889301186 |
| a |
savukPV 20426 |
| b |
savuk2015/1101 |
| q |
Skontrolovať vrátenie 1 plast. lupy |
| r |
Súčasťou knihy 1 plast. lupa |